| 000 | 00447nam a2200181Ia 4500 | ||
|---|---|---|---|
| 003 | GCL | ||
| 008 | 140319s9999 xx 000 0 eng d | ||
| 040 |
_aGCL / _cGCL |
||
| 082 | 0 | 4 |
_aA _b743 _bL H |
| 100 | 1 | _aLEYMARIE, JEAN | |
| 245 | 1 | 0 |
_aHISTOIRE D'UN ART LE DESSIN / _cLEYMARIE, JEAN |
| 700 | 1 | _aMONNIER, GERVEVE | |
| 700 | 1 | _aROSE, BERNICE | |
| 260 |
_a[S.N] : _bSKIRA ، _c1979 |
||
| 300 | _a279 P P | ||
| 650 | 0 | 4 | _aART |
| 942 |
_2ddc _cBK |
||
| 999 |
_c17041 _d17041 |
||